| 000 | 00385nam a2200157Ia 4500 | ||
|---|---|---|---|
| 008 | 230711s9999||||xx |||||||||||||| ||und|| | ||
| 041 | _aENG | ||
| 082 |
_a658 _bHO-P |
||
| 100 | _aHolland,F.A | ||
| 245 | 0 | _aIntroduction to process economics | |
| 250 | _a2nd | ||
| 260 |
_c1983 _aNew York _bJohn Wiley & Sons.Inc |
||
| 300 | _a346 | ||
| 650 | _aUNIVESITY BUSNIESS SCHOOL | ||
| 942 | _cBK | ||
| 999 |
_c1930 _d1930 |
||